Vybrané Medzinárodné účtovné štandardy pre verejný sektor a ich analýza diplomová práca

Enregistré dans:
Détails bibliographiques
Auteur principal: Dankovič, Dávid
Collectivité auteur: Fakulta hospodárskej informatiky EU. Katedra účtovníctva a audítorstva
Autres auteurs: Kršeková, Marianna
Format: Livre
Langue:slovaque
Publié: Bratislava 2011
Tags: Ajouter un tag
Pas de tags, Soyez le premier à ajouter un tag!

MARC

LEADER 00000nbm a2200000 4500
001 0132142
005 20161109101751.6
041 0 |a slo 
044 |a SK 
245 1 0 |a Vybrané Medzinárodné účtovné štandardy pre verejný sektor a ich analýza  |b diplomová práca  |c Dávid Dankovič ; školiteľ: Marianna Kršeková 
264 1 |a Bratislava  |c 2011 
300 |a 77 s. 
100 1 |a Dankovič, Dávid 
700 1 |a Kršeková, Marianna 
710 2 |a Fakulta hospodárskej informatiky EU. Katedra účtovníctva a audítorstva